000 00470nam a2200157Ia 4500
008 210716s1993 xx 000 0 und d
020 _a863113869
041 _aeng
082 _a005.3 AGAA
100 _aAgarwal, A; Dhananjay, P.
245 _aMastering pc software: lotus 1-2-3 wordstar and dbase IIIplus.
_bLotus 1-2-3 wordstar and dbase IIIplus.
250 _a1
260 _aHyderabad
_bUniversities Press
_c1993
300 _avi,473
650 _aPrograms(005.3)
999 _c182672
_d182672